000
00334nam a2200157Ia 4500
100
_a
Wood/Robert/ Tolley/Harry
650
_a
General
942
_c
BK
654
_a
intelligence
245
_a
Test your imotional Intelligence
260
_b
e
_c
2003
082
_a
658.314
_b
WOO
300
_a
153
546
_a
ENGLISH
999
_c
21689
_d
21689